000 00579nam a2200181Ia 4500
008 151121s9999||||xx |||||||||||||| ||und||
082 _a813/साळगा
082 _bHNW-37868
100 _aसाळगावकर शशिकला
245 _aका धरिला परदेस
260 _c--
300 _a100
600 _aसाळगावकर शशिकला
630 _aका धरिला परदेस
700 _aसाळगावकर शशिकला
730 _aका धरिला परदेस
942 _cBOOK
999 _c1229034
_d1229031